Statistiques concernant Les 20 préfectures les plus proches de Lille

Cliquez ici pour prendre le quiz!

Statistiques générales

  • Ce quiz a été pris 182 fois
  • Le résultat moyen est 15 sur 20

Statistiques - réponses

distance (en km)ville préfecture% Correct
205Paris
97%
43Arras
95%
99Amiens
93%
194Rouen
83%
151.52Beauvais
81%
152.21Charleville-Mezières
77%
126Laon
77%
270Troyes
74%
215Versailles
72%
228Evry-Courcouronnes
70%
280Metz
70%
209Chalons en Champagne
68%
212Creteil
68%
226Evreux
68%
235Melun
67%
204Nanterre
66%
198Bobigny
63%
191Cergy-Pontoise
63%
257Bar le Duc
60%
269Chartres
56%

Distribution des résultats

Percentile par nombre de réponses

% des personnes avec chaque résultat

Votre développement - résultats

Vous n’avez pas pris ce quiz